00878nam a2200241Ia 450000500170000000800410001702000150005804100080007308200210008110000210010224501440012325000220026730000250028965100280031465100390034265100340038170000400041526400580045533600270051333700330054033800280057304000350060120220316235624.0121119s1996 ck gr 000 0 spa  a95895060461 aspa04a911.86126 bP17U1 aParson, James J.10aUrabá, salida de Antioquia al mar bgeografía e historia de su colonizacióncJames J. Parsons ; traducción, Carolina Evans de Villa aPrimera edición a155 páginasc23 cm 4aColombia - Geografía  4aColombia xHistoria ySiglo XVIII  4aUrabá (Colombia)xHistoria 1 aEvans de Villa, Carolinaetraductor aBogotá bEl ÁncorabBanco de la Repúblicac1996 atextobtxt2rdacontent asin mediaciónbn2rdamedia avolumenbnc2rdacarrier aCO-BoRNBPbspaerdacCO-BoRNBP